Öcalan ve Burkay'la kürt sorunu (Record no. 4477)

MARC details
000 -BAŞLIK
Sabit Uzunlukta Kontrol Alanı 01267na a2200361 4500
001 - KONTROL NUMARASI
Denetim Alanı 13024
003 - KONTROL NUMARASI IDENTIFIER
Denetim Alanı MIRAKIL
005 - SON İŞLEM TARİHİ VE ZAMANI
Denetim Alanı 20181213155007.0
008 - SABİT-BOY VERİ ELEMANLARI - GENEL BİLGİLER
Sabit Uzunlukta Kontrol Alanı 160930b tu 000 0
020 ## - ULUSLARARASI STANDART KİTAP NUMARASI
Uluslararası Standart Kitap Numarası 9757814164
035 ## - SİSTEM KONTROL NUMARASI
Sistem Kontrol Numarası 13024
040 ## - KATALOGLAMA KAYNAK
Orijinal Kataloglama Ajansı Milas
Kataloglama Dili tur
Metne Dönüştürmek Ajansı TR-AnCHP
041 ## - DİL KODU
Metin / Ses Parça Veya Ayrı Başlığın Dil Kodu tur
082 ## - DEWEY ONLU SINIFLANDIRMA NUMARASI
Sınıflandırma Numarası 322.4209561
Ürün Numarası Ç24ö 1993
090 ## - SINIFLAMA NUMARASI
Sınıflama Numarası 322.4209561 Ç24ö 1993
100 ## - ANA GİRİŞ - KİŞİSEL İSİM
Kişisel Ad Çalışlar, Oral
Bir Adıyla İlişkilendirilen Tarihler 1946
245 ## - BAŞLIK TABLOSU
Başlık Öcalan ve Burkay'la kürt sorunu
Sorumluluk Tablosu, Vb Oral Çalışlar
246 ## - UNVAN FORM VARYING
Başlık Doğru / Kısa Başlığı Öcalan ve Burkayla kürt sorunu
246 ## - UNVAN FORM VARYING
Başlık Doğru / Kısa Başlığı Kürt sorunu
260 ## - YAYIN, DAĞITIM, VB
Yayın, Dağıtım, Vb Yeri İstanbul
Yayıncı, Dağıtıcı, Vs Adı Pencere Yayınları
Yayın, Dağıtım, Vb Tarihi 1993
300 ## - FİZİKSEL TANIM
Kapsam 167 s.
Boyutlar 20 sm.
600 ## - KONU KATMA GİRİŞ - KURUMSAL ADI
Kişisel Ad Burkay, Kemal
Bir Adıyla İlişkilendirilen Tarihler 1937-
Genel Alt Bölümü Siyasal ve sosyal görüşler
600 ## - KONU KATMA GİRİŞ - KURUMSAL ADI
Kişisel Ad Öcalan, Abdullah (APO)
Bir Adıyla İlişkilendirilen Tarihler 1948-
Genel Alt Bölümü Siyasal ve sosyal görüşler
650 ## - KONU KATMA GİRİŞ - TOPİKAL DÖNEM
Topikal Süreli Veya Coğrafi Ad Giriş Elemanı Kürtler
Genel Alt Bölümü Etnik kimlik
Coğrafi Alt Bölümü Türkiye
650 ## - KONU KATMA GİRİŞ - TOPİKAL DÖNEM
Topikal Süreli Veya Coğrafi Ad Giriş Elemanı Kürtler
Genel Alt Bölümü Siyaset ve yönetim
Coğrafi Alt Bölümü Türkiye
650 ## - KONU KATMA GİRİŞ - TOPİKAL DÖNEM
Topikal Süreli Veya Coğrafi Ad Giriş Elemanı Kürt siyasetçiler
Genel Alt Bölümü Röportajlar
Coğrafi Alt Bölümü Türkiye
650 ## - KONU KATMA GİRİŞ - TOPİKAL DÖNEM
Topikal Süreli Veya Coğrafi Ad Giriş Elemanı Kürt sorunu
Genel Alt Bölümü Tarih
Kronolojik Alt Bölümü Kürt sorunu
Coğrafi Alt Bölümü Türkiye
650 ## - KONU KATMA GİRİŞ - TOPİKAL DÖNEM
Topikal Süreli Veya Coğrafi Ad Giriş Elemanı Siyasal eylem grupları
Genel Alt Bölümü Liderler
Kronolojik Alt Bölümü Siyasal ve sosyal görüşler
Coğrafi Alt Bölümü Türkiye
650 ## - KONU KATMA GİRİŞ - TOPİKAL DÖNEM
Topikal Süreli Veya Coğrafi Ad Giriş Elemanı Kürt sorunu
Genel Alt Bölümü Ropörtajlar
651 ## - KONU KATMA GİRİŞ - COĞRAFİ ADI
Coğrafi İsim Türkiye
Genel Alt Bölümü Etnik ilişkiler
Kronolojik Alt Bölümü Kürtler
651 ## - KONU KATMA GİRİŞ - COĞRAFİ ADI
Coğrafi İsim Türkiye
Genel Alt Bölümü Siyaset ve yönetim
Kronolojik Alt Bölümü 1980-
942 ## - EKLENDİ GİRİŞ ELEMANLARI (KOHA)
Sınıflandırma Veya Raf Düzeni Kaynak
Koha Öğesi Türü Books
999 ## - SİSTEM KONTROL NUMARALARI (KOHA)
Koha Biblionumber 4477
Koha Biblioitemnumber 4477
Holdings
Kalıcı Konum Mevcut Konum Edinme Tarihi Edinim Kaynak Toplam Check-Out'Lar Tam Çağrı Numarası Barkod Tarih Son Görülme İtibaren Geçerli Fiyatlar Koha Öğesi Türü
CHP Kütüphanesi CHP Kütüphanesi 08/04/2016 Bağış   322.4209561 Ç24ö 1993 000618 08/04/2016 08/04/2016 Books